[Event "Wch Seniors (Women) 23rd 2013"]
[Site "Opatija"]
[Date "2013.11.22"]
[Round "9.4"]
[White "Strutinskaya, Galina N"]
[Black "Baliuniene, Margarita"]
[Result "1-0"]
[WhiteElo "2299"]
[BlackElo "1885"]
[PlyCount "75"]
[EventDate "2013.11.12"]
[EventRounds "9"]
[EventCountry "CRO"]

1. d4 d5 2. c4 e6 3. Nf3 Be7 4. Nc3 Nf6 5. Bg5 O-O 6. Qc2 Nbd7 7. e3 h6 8. Bf4
a6 9. Rd1 Re8 10. h3 Nf8 11. a3 Ng6 12. Bh2 Bd6 13. Ne5 Nh4 14. c5 Bxe5 15.
dxe5 Nd7 16. b4 f6 17. exf6 Nxf6 18. e4 c6 19. Bd6 e5 20. exd5 cxd5 21. Nxd5
Nxd5 22. Rxd5 Qg5 23. f3 Qe3+ 24. Qe2 Qxa3 25. Qe4 Qc1+ 26. Rd1 Qc3+ 27. Kf2
Nf5 28. Bc4+ Kh8 29. Rhe1 Qb2+ 30. Re2 Qxb4 31. Bf7 Qxe4 32. fxe4 Nd4 33. Bxe8
Nxe2 34. Kxe2 Bxh3 35. gxh3 Rxe8 36. Rb1 Re6 37. Rxb7 Rg6 38. Bxe5 1-0

[Event "Wch Seniors (Women) 23rd 2013"]
[Site "Opatija"]
[Date "2013.11.22"]
[Round "9.5"]
[White "Titorenko, Natalia I"]
[Black "Miednikova, Swietlana"]
[Result "0-1"]
[WhiteElo "2143"]
[BlackElo "2166"]
[PlyCount "90"]
[EventDate "2013.11.12"]
[EventRounds "9"]
[EventCountry "CRO"]

1. Nf3 d5 2. c4 dxc4 3. Qa4+ Nc6 4. Qxc4 e5 5. g3 Bd6 6. Bg2 Nf6 7. O-O Be6 8.
Qa4 O-O 9. d3 h6 10. Nc3 Qd7 11. Re1 a6 12. a3 Rab8 13. b4 b5 14. Qc2 a5 15.
bxa5 Nxa5 16. Nd2 Rfc8 17. Rb1 c5 18. Nde4 Nxe4 19. Nxe4 Be7 20. Qc3 Qc7 21.
Bd2 b4 22. axb4 cxb4 23. Qxc7 Rxc7 24. Be3 Nb3 25. f4 f5 26. Nf2 Bd6 27. Nh3
Nd4 28. fxe5 Bxe5 29. Bf4 Rc5 30. e3 Nc2 31. d4 Bxf4 32. dxc5 Bxe3+ 33. Rxe3
Nxe3 34. Nf4 Ba2 35. Rb2 Nxg2 36. Kxg2 Bc4 37. Kf3 Kf7 38. h4 g5 39. hxg5 hxg5
40. Ne2 Bxe2+ 41. Kxe2 Ke6 42. Kd3 Kd5 43. Rf2 Rf8 44. Rc2 b3 45. Rc3 Rb8 0-1

[Event "Wch Seniors (Women) 23rd 2013"]
[Site "Opatija"]
[Date "2013.11.22"]
[Round "9.7"]
[White "Milashevskaja, Valentina"]
[Black "Beltz, Martina"]
[Result "0-1"]
[WhiteElo "1814"]
[BlackElo "2100"]
[PlyCount "98"]
[EventDate "2013.11.12"]
[EventRounds "9"]
[EventCountry "CRO"]

1. Nf3 d5 2. d4 e6 3. c4 c6 4. Qc2 f5 5. g3 Nf6 6. Bg2 Bd6 7. O-O O-O 8. b3 Qe7
9. Nc3 b6 10. cxd5 exd5 11. Bg5 Na6 12. Bxf6 Rxf6 13. e3 Kh8 14. Ne2 Bd7 15.
Nf4 Nb4 16. Qc3 a5 17. a3 Na6 18. Qb2 Nc7 19. Nd3 Rd8 20. Rfc1 Be8 21. b4 a4
22. Nfe5 Bxe5 23. Nxe5 g5 24. Qc2 f4 25. Qd1 Rh6 26. Ra2 Rdd6 27. exf4 gxf4 28.
Qg4 Ne6 29. Rd2 Qf6 30. Qe2 Qg5 31. Nf3 Qg7 32. Qe5 Qxe5 33. Nxe5 Rf6 34. g4
Ng5 35. f3 Ne6 36. h4 Rh6 37. h5 Kg7 38. Rdc2 Nxd4 39. Rb2 Rhe6 40. Nd3 Ne2+
41. Rxe2 Rxe2 42. Nxf4 Re3 43. Ra1 d4 44. Kf2 Bf7 45. Ne2 Rb3 46. Nc1 Rb2+ 47.
Kg3 Bc4 48. f4 d3 49. Bf3 d2 0-1

[Event "Wch Seniors (Women) 23rd 2013"]
[Site "Opatija"]
[Date "2013.11.22"]
[Round "9.8"]
[White "Kabanova, Irina"]
[Black "Kierzek, Mira"]
[Result "0-1"]
[WhiteElo "1951"]
[BlackElo "2005"]
[PlyCount "198"]
[EventDate "2013.11.12"]
[EventRounds "9"]
[EventCountry "CRO"]

1. e4 c5 2. Nf3 Nc6 3. d4 cxd4 4. Nxd4 Qb6 5. c3 Nf6 6. Nxc6 dxc6 7. Qc2 e5 8.
Be3 Qc7 9. h3 Be7 10. Be2 O-O 11. O-O c5 12. c4 h6 13. Nc3 Bd8 14. Rad1 Qc6 15.
f4 Bc7 16. f5 b6 17. Nd5 Bd8 18. Nc3 Bb7 19. Bf3 Ba6 20. Be2 Rc8 21. b3 Re8 22.
Rd2 Bc7 23. Rfd1 Bb7 24. Nd5 Bb8 25. a4 Kh7 26. Rf1 Rcd8 27. Bf3 Kh8 28. Rd3
Nxd5 29. cxd5 Qf6 30. Rdd1 Bd6 31. Qf2 Be7 32. g3 Bd6 33. Be2 Kh7 34. Bh5 Rf8
35. Kh2 Be7 36. Qe2 Qd6 37. Qd2 Ba6 38. Rf2 Qf6 39. Bg4 Qd6 40. h4 Bc8 41. Kg2
Bd7 42. Rdf1 Bf6 43. Rh1 Rc8 44. Rc1 Rc7 45. Be2 Rcc8 46. Rh1 Qe7 47. Rhf1 Rfd8
48. Rh1 Bc6 49. Bc4 Bb7 50. Qe2 Rd6 51. Qh5 Qd8 52. Qe2 Qe7 53. Qh5 Qf8 54. Qe2
g6 55. Rhf1 Qg7 56. Kh2 Rf8 57. Kh3 g5 58. Qh5 Rg8 59. hxg5 Bxg5 60. Rf3 f6 61.
Bxg5 Qxg5 62. Qh4 Kg7 63. R1f2 Kf7 64. Be2 Ke7 65. Rc3 Rdd8 66. g4 Rg7 67. Rg3
Kd6 68. Rfg2 Rh8 69. Qh5 Bc8 70. Kh2 Bd7 71. Qh3 Be8 72. Kg1 Qf4 73. Re3 Bf7
74. Rf2 Qg5 75. Rg2 Rhg8 76. Kf2 Be8 77. Reg3 Qf4+ 78. Bf3 Qd2+ 79. Be2 Qg5 80.
Rg1 Qf4+ 81. Bf3 b5 82. a5 a6 83. Qh4 Qg5 84. Qh2 Rc7 85. Ke1 Qc1+ 86. Bd1 b4
87. Qe2 Bb5 88. Qh2 c4 89. Qf2 cxb3 90. Qb6+ Kd7 91. Rxb3 Rf8 92. Rxb4 Qc3+ 93.
Kf2 Qxb4 94. Qe6+ Kd8 95. d6 Qd4+ 96. Kg2 Rd7 97. Bf3 Rxd6 98. Qxd6+ Qxd6 99.
Rd1 Qxd1 0-1

[Event "Wch Seniors (Women) 23rd 2013"]
[Site "Opatija"]
[Date "2013.11.22"]
[Round "9.10"]
[White "Beliaeva, Natalia"]
[Black "Korneeva, Tamara"]
[Result "1-0"]
[WhiteElo "2027"]
[BlackElo "1757"]
[PlyCount "63"]
[EventDate "2013.11.12"]
[EventRounds "9"]
[EventCountry "CRO"]

1. d4 Nf6 2. c4 e6 3. a3 c6 4. Nf3 g6 5. Nc3 d5 6. Bg5 Bg7 7. e4 Qc7 8. e5 Nfd7
9. Rc1 Nb6 10. cxd5 exd5 11. Nb5 Qd7 12. Nd6+ Kf8 13. Qd2 Nc4 14. Bxc4 dxc4 15.
Rxc4 b5 16. Rc2 a5 17. O-O Ra7 18. Rfc1 h6 19. Be3 Kg8 20. Nxb5 cxb5 21. Rxc8+
Kh7 22. Rxh8+ Kxh8 23. Bxh6 Rc7 24. Bxg7+ Kxg7 25. h3 Rxc1+ 26. Qxc1 Qd5 27.
Qf4 Nd7 28. Ng5 b4 29. axb4 axb4 30. h4 Kg8 31. e6 fxe6 32. Qf7+ 1-0

[Event "Wch Seniors (Women) 23rd 2013"]
[Site "Opatija"]
[Date "2013.11.22"]
[Round "9.11"]
[White "Arginbayeva, Maryana"]
[Black "Milligan, Helen"]
[Result "0-1"]
[WhiteElo "1518"]
[BlackElo "1977"]
[PlyCount "148"]
[EventDate "2013.11.12"]
[EventRounds "9"]
[EventCountry "CRO"]

1. d4 Nf6 2. c4 g6 3. Nc3 Bg7 4. e4 d6 5. Nf3 O-O 6. Be2 Nbd7 7. Be3 e5 8. d5
a5 9. Nd2 Nc5 10. g4 Ne8 11. h4 h6 12. h5 g5 13. f3 Bd7 14. a4 Na6 15. b3 c6
16. Nf1 Rc8 17. Rb1 Kh7 18. Nh2 Rg8 19. O-O Nb4 20. Qd2 Bf6 21. Kg2 Qc7 22.
Rbc1 Be7 23. Bd3 Kh8 24. Rf2 Nf6 25. Be2 Qb8 26. Rb1 Bd8 27. Rff1 Bc7 28. Rf2
Rce8 29. Nf1 Qd8 30. Ng3 Kh7 31. Rff1 Bc8 32. Kh3 Rg7 33. Kg2 Ng8 34. Nf5 Bxf5
35. exf5 Nf6 36. Ne4 Rgg8 37. Kh3 cxd5 38. cxd5 Nfxd5 39. Bc4 Nxe3 40. Qxe3
Rgf8 41. Bb5 Nc6 42. Rbd1 f6 43. Qc3 Re7 44. Nc5 Nd4 45. Ne6 Nxe6 46. fxe6 Rxe6
47. Bd3+ Kh8 48. Bf5 Re7 49. Qc4 Bb6 50. Qd5 Bc5 51. Qc4 Qb6 52. Qb5 Qxb5 53.
axb5 Rd8 54. Rd5 b6 55. Re1 Rc7 56. Rc1 Kg7 57. Rc4 Kf8 58. Rc2 Ke7 59. Rc4 Ra8
60. Rd3 Raa7 61. Rd5 Bd4 62. Ra4 Rc3 63. Be4 Rac7 64. b4 R3c4 65. Rxd4 Rxd4 66.
Bc6 Rxb4 67. Ra3 Ke6 68. Rd3 Rd4 69. Kg3 Rxd3 70. Kf2 d5 71. Ke2 Rc3 72. Kd2
R3xc6 73. bxc6 Rxc6 74. Kd3 a4 0-1